| 000 | 00914nam a22002055i 4500 | ||
|---|---|---|---|
| 001 | 157723 | ||
| 003 | ES-MaACL | ||
| 005 | 20250723094415.0 | ||
| 008 | 000119s1867 sp |||| | spa d | ||
| 040 |
_aCCPB | B _bspa _cCCPB | B |
||
| 100 | 1 |
_aLiebig, Justus von. _9128946 |
|
| 245 | 1 | 3 |
_aEl desarrollo de las ideas en las ciencias naturales é importancia de la induccion y deduccion en las referidas ciencias _b: estudios filosóficos / _cpor el baron Justo de Liebig ... ; traducido al español por D.R.T.M. de Luna. |
| 260 |
_aMadrid : _blibrería de Sanchez, _c1867 ( _fImp. de A. Peñuelas) |
||
| 300 |
_a72 p. ; _c15 cm. |
||
| 650 |
_aCiencia- _xFilosofía. _910950 |
||
| 700 | 1 |
_aTorres Muñoz de Luna, Ramón, _d1822-1890 _9133329 |
|
| 852 |
_aES-MaACL _jT-199-F-2 _z-- Enc. hol. _q-- Falto de la cub. original _z-- Enc. en un vol. facticio |
||
| 999 |
_c157723 _d157723 |
||